| 000 | 00529nam a2200157Ia 4500 | ||
|---|---|---|---|
| 003 | GCL | ||
| 008 | 140319s9999 xx 000 0 ara d | ||
| 040 |
_aGCL / _cGCL |
||
| 082 | 0 | 4 | _a792.091766 |
| 100 | 1 | _aشكرى عبدالوهاب | |
| 245 | 1 | 0 |
_aالمسرح اليهودى : _bسنوات فى خدمة الصهيونية العالمية / _cشكرى عبدالوهاب |
| 300 |
_a429 ص ؛ _c24 سم |
||
| 650 | 0 | 4 | _aالمسرحية اليهودية |
| 650 | 0 | 4 | _aالمسرح - تاريخ - اليهود |
| 942 |
_2ddc _cBK |
||
| 999 |
_c5336 _d5336 |
||